| 000 | 00588nam a2200181 i 4500 | ||
|---|---|---|---|
| 001 | 34358 | ||
| 003 | ES-MaACL | ||
| 005 | 20250717090416.0 | ||
| 007 | t| | ||
| 008 | 030204s1900 fr ||||1| fre d | ||
| 100 | 1 |
_aBlondel, Hervé. _929547 |
|
| 245 | 1 | 4 |
_aLes approximations de la vérité _b: etude de philosophie positive ou expérimentale / _cpar Hervé Blondel. |
| 260 |
_aParis : _bFélix Alcan, _c1900 ( _eChalon-sur-sáone : _fE. Bertrand) |
||
| 300 |
_aXII, 239 p. ; _c18 cm. |
||
| 650 | 0 | 7 |
_aPositivismo _2embne _916324 |
| 852 |
_aES-MaACL _jF-12175 |
||
| 999 |
_c34358 _d34358 |
||